Pulling Your Own Strings (Record no. 22098)
[ view plain ]
| 000 -LEADER | |
|---|---|
| fixed length control field | 01316nam a22003857a 4500 |
| 003 - CONTROL NUMBER IDENTIFIER | |
| control field | IBSLLIB |
| 005 - DATE AND TIME OF LATEST TRANSACTION | |
| control field | 20260511065151.0 |
| 008 - FIXED-LENGTH DATA ELEMENTS--GENERAL INFORMATION | |
| fixed length control field | 260511b |||||||| |||| 00| 0 eng d |
| 020 ## - INTERNATIONAL STANDARD BOOK NUMBER | |
| International Standard Book Number | 9780099454403 |
| 040 ## - CATALOGING SOURCE | |
| Original cataloging agency | IBSLLIB |
| Language of cataloging | English |
| 041 ## - LANGUAGE CODE | |
| Language code of original | Eng |
| 082 ## - DEWEY DECIMAL CLASSIFICATION NUMBER | |
| Classification number | 158.1 |
| Item number | DYE |
| 100 ## - MAIN ENTRY--PERSONAL NAME | |
| Personal name | Dyer , Wayne W. |
| 245 ## - TITLE STATEMENT | |
| Title | Pulling Your Own Strings |
| 260 ## - PUBLICATION, DISTRIBUTION, ETC. (IMPRINT) | |
| Place of publication, distribution, etc. | London : |
| Name of publisher, distributor, etc. | Arrow Books , |
| Date of publication, distribution, etc. | 1979 |
| 300 ## - PHYSICAL DESCRIPTION | |
| Extent | 262 p ; |
| Dimensions | 21 cm |
| 505 ## - FORMATTED CONTENTS NOTE | |
| Formatted contents note | Declaring yourself as a non-victim |
| 505 ## - FORMATTED CONTENTS NOTE | |
| Formatted contents note | operating from strength |
| 505 ## - FORMATTED CONTENTS NOTE | |
| Formatted contents note | Refusing to be seduced ny what i over or cannot be changed |
| 505 ## - FORMATTED CONTENTS NOTE | |
| Formatted contents note | Avoiding the comparison trap |
| 505 ## - FORMATTED CONTENTS NOTE | |
| Formatted contents note | Becoming quietly effective and not expecting 'them' to understand |
| 505 ## - FORMATTED CONTENTS NOTE | |
| Formatted contents note | Teaching others how you want to be treated |
| 505 ## - FORMATTED CONTENTS NOTE | |
| Formatted contents note | Never place loyalty to institutions and things above loyalty to yourself |
| 505 ## - FORMATTED CONTENTS NOTE | |
| Formatted contents note | Distinguishing between judgments and reality |
| 505 ## - FORMATTED CONTENTS NOTE | |
| Formatted contents note | Being creatively alive in every situation |
| 505 ## - FORMATTED CONTENTS NOTE | |
| Formatted contents note | Victim or victor? your present victim profile based on 100 typical situations |
| 650 ## - SUBJECT ADDED ENTRY--TOPICAL TERM | |
| Topical term or geographic name as entry element | Philosophy |
| 653 ## - INDEX TERM--UNCONTROLLED | |
| Uncontrolled term | Self awreness |
| 653 ## - INDEX TERM--UNCONTROLLED | |
| Uncontrolled term | positive thinking |
| 653 ## - INDEX TERM--UNCONTROLLED | |
| Uncontrolled term | Decision waking |
| 653 ## - INDEX TERM--UNCONTROLLED | |
| Uncontrolled term | Problem solving |
| 653 ## - INDEX TERM--UNCONTROLLED | |
| Uncontrolled term | Life coaching |
| 653 ## - INDEX TERM--UNCONTROLLED | |
| Uncontrolled term | Personal development |
| 942 ## - ADDED ENTRY ELEMENTS (KOHA) | |
| Koha item type | Lending Book |
| Withdrawn status | Lost status | Damaged status | Not for loan | Collection code | Permanent Location | Current Location | Shelving location | Date acquired | Source of acquisition | Inventory number | Full call number | Barcode | Koha item type |
|---|---|---|---|---|---|---|---|---|---|---|---|---|---|
| Lending Collection | IBSL Library | IBSL Library | Lending Section | 30/04/2026 | Donation | 10851 | 158.1 DYE | 10851 | Lending Book |
